000 01244nam a22002057a 4500
003 JO-AjAnu
005 20240605122505.0
008 240403b jo ||||| |||| 00| 0 ara d
040 _aJO-AjAnu
_cJO-AjAnu
041 0 _aara
050 _aJO1833
_b2023
100 1 _aخليفات، راية محمود عبدالكريم
_965276
_eمعد
245 0 _a أثر التحول الإلكتروني على جودة الخدمات المقدمة في امانة عمان الكبرى، الثقافة الرقمية : كمتغير معدل = The Impact of Electronic Transformation on the Quality of Services Provided in the Greater Amman Municipality، Digital Culture : as a Moderating Variable /
_cاعداد راية محمود عبدالكريم خليفات ؛ إشراف بدر عايد القعيد
260 _c2023
300 _a116ورقة
500 _aرسالة جامعية(ماجستير).- جامعةعجلون الوطنية (عجلون، الأردن) ، كليةالأعمال، تخصص إدارة الاعمال ، 2023.
650 7 0 _aالحكومة الالكترونية - امانة عمان الكبرى
_965277
700 1 _aالقعيد، بدر عايد
_964879
_eمشرف
942 _2lcc
_cTHS
_n0
999 _c33414
_d33414